| 000 | 00686nam a2200229Ia 4500 | ||
|---|---|---|---|
| 003 | OSt | ||
| 005 | 20220201164345.0 | ||
| 008 | 210716s2003 xx 000 0 und d | ||
| 020 | _a9789332518223 | ||
| 040 | _cAIMIT LIBRARY | ||
| 041 | _aeng | ||
| 082 |
_a003 _29 _bTAHH |
||
| 100 |
_aTaha, Hamdy A. _915551 |
||
| 245 |
_aOperations research : _bintroduction / _cBy Hamdy A. Taha. |
||
| 250 | _a9th ed. | ||
| 260 |
_aNew Delhi : _bPearson Education , _c2003. |
||
| 300 |
_aiv,816p. ; _c25 cm. |
||
| 650 |
_aModeling with Linear Programming. _915552 |
||
| 650 |
_aHeuristic Programming. _915553 |
||
| 650 |
_aDecision Analysis and Games. _915554 |
||
| 942 |
_2ddc _cBK _e9th _k003 TAHH |
||
| 999 |
_c209628 _d209628 |
||